[Event "Speed Chess Q1 Sw"]
[Site "Chess.com INT"]
[Date "2023.08.21"]
[Round "9"]
[White "Gatterer, Florian"]
[Black "Arencibia Monduy, Antonio"]
[Result "0-1"]
[WhiteElo "2170"]
[BlackElo "2122"]
[PlyCount "100"]
[EventDate "2023.08.21"]
[EventType "k.o. (blitz)"]
[EventRounds "14"]
[EventCountry "USA"]
[SourceTitle "CBM 215 Extra"]
[Source "ChessBase"]
[SourceDate "2023.09.30"]
[SourceVersion "1"]
[SourceVersionDate "2023.09.30"]
[SourceQuality "1"]

1. Nf3 Nf6 2. g3 e6 3. Bg2 d5 4. 0-0 Be7 5. c4 0-0 6. b3 b6 7. cxd5 exd5 8. Bb2 Bb7 9. d4 Nbd7 10. Ne5 Re8 11. Nd2 c5 12. e3 cxd4 13. exd4 Rc8 14. Re1 Bd6 15. f4 Nf8 16. Rc1 Rxc1 17. Qxc1 Ne6 18. a3 a5 19. Qc2 g6 20. h4 Qe7 21. a4 Rc8 22. Qd3 Bb4 23. Rc1 Rxc1+ 24. Bxc1 Nxd4 25. Bb2 Nf5 26. Kh2 h5 27. Ndf3 Ne4 28. Ng5 Nxg5 29. hxg5 Be1 30. g4 hxg4 31. Bxd5 Bg3+ 32. Kh1 Bxf4 33. Kg1 Bxe5 34. Bxb7 Bxb2 35. Be4 Qe5 36. Kg2 Nd6 37. Kf1 Nxe4 38. Qd8+ Kg7 39. Qd3 Nxg5 40. Kg2 Ne6 41. Kf1 Qf4+ 42. Kg2 Nc5 43. Qc4 Qxc4 44. bxc4 Nxa4 45. Kg3 Nc5 46. Kxg4 a4 47. Kf3 a3 48. Ke3 a2 49. Kd2 a1Q 50. Kc2 Qc1# 0-1

[Event "Titled Tuesday intern op 18th Jul Early"]
[Site "Chess.com INT"]
[Date "2023.07.18"]
[Round "8"]
[White "Arencibia Monduy, Antonio"]
[Black "Bazilius, Augustinas"]
[Result "0-1"]
[WhiteElo "2122"]
[BlackElo "2110"]
[PlyCount "132"]
[EventDate "2023.07.18"]
[EventType "swiss (blitz)"]
[EventRounds "11"]
[EventCountry "USA"]
[SourceTitle "EXT 2024"]
[Source "ChessBase"]
[SourceDate "2023.10.10"]
[SourceVersion "1"]
[SourceVersionDate "2023.10.10"]
[SourceQuality "1"]

1. e4 c5 2. Nf3 a6 3. c3 d5 4. exd5 Qxd5 5. d4 Nf6 6. Be2 cxd4 7. cxd4 e6 8. Nc3 Qd8 9. 0-0 Nc6 10. h3 Bd6 11. Bg5 0-0 12. d5 exd5 13. Nxd5 Bh2+ 14. Kxh2 Qxd5 15. Qxd5 Nxd5 16. Rfd1 Be6 17. Bc4 Nc3 18. bxc3 Bxc4 19. Rd7 b5 20. a4 f6 21. Bf4 bxa4 22. Rxa4 Bb5 23. Ra1 Ne5 24. Rc7 Nxf3+ 25. gxf3 Rac8 26. Re1 Rxc7 27. Bxc7 Rc8 28. Re7 Re8 29. Bd6 Rxe7 30. Bxe7 a5 31. Kg3 Kf7 32. Ba3 Ke6 33. Bf8 Kf7 34. Ba3 Ke6 35. Bf8 a4 36. Kf4 g5+ 37. Ke3 Kf5 38. Kd4 Kf4 39. Be7 Bd7 40. Bxf6 a3 41. c4 a2 42. Kd5 Bxh3 43. c5 h5 44. c6 Bc8 45. Kd6 Kf5 46. Bb2 h4 47. Kc7 Be6 48. Kd6 h3 49. Be5 h2 50. Bxh2 a1Q 51. Ke7 Qg7+ 52. Kd8 Qf8+ 53. Kc7 Qc8+ 54. Kb6 Bd5 55. c7 Qb7+ 56. Kc5 Qc6+ 57. Kd4 Bxf3 58. Ke3 Qe4+ 59. Kd2 Qd4+ 60. Kc2 Qxf2+ 61. Kb3 Bd5+ 62. Kb4 Qb6+ 63. Kc3 Qc5+ 64. Kb2 Bb7 65. Kb3 Bc8 66. Bg1 Qxg1 0-1

[Event "Titled Tuesday intern op 18th Jul Early"]
[Site "Chess.com INT"]
[Date "2023.07.18"]
[Round "9"]
[White "Arencibia Monduy, Antonio"]
[Black "Hoffmann, Asa"]
[Result "1-0"]
[WhiteElo "2122"]
[BlackElo "2185"]
[PlyCount "99"]
[EventDate "2023.07.18"]
[EventType "swiss (blitz)"]
[EventRounds "11"]
[EventCountry "USA"]
[SourceTitle "EXT 2024"]
[Source "ChessBase"]
[SourceDate "2023.10.10"]
[SourceVersion "1"]
[SourceVersionDate "2023.10.10"]
[SourceQuality "1"]

1. e4 d6 2. d4 Nf6 3. Nc3 c6 4. Nf3 Bg4 5. h3 Bh5 6. Be2 e6 7. 0-0 d5 8. e5 Nfd7 9. Nh2 Bg6 10. f4 c5 11. Be3 cxd4 12. Bxd4 Nc6 13. Bf2 a6 14. Kh1 h5 15. a3 Bc5 16. Bxc5 Nxc5 17. Nf3 d4 18. Nb1 Ne4 19. Kh2 h4 20. Bd3 Ng3 21. Re1 Bf5 22. Nbd2 Ne7 23. Nb3 Nc6 24. Qd2 Qd5 25. Rad1 0-0-0 26. Bxf5 Nxf5 27. Qe2 Rd7 28. Rd3 Rhd8 29. Qf2 f6 30. exf6 gxf6 31. Nxh4 Nxh4 32. Qxh4 e5 33. fxe5 fxe5 34. Qe4 Qc4 35. Re2 Rg8 36. Nd2 Qxc2 37. Nf3 Qc4 38. b3 Qc5 39. Nxe5 Nxe5 40. Qxe5 Qxa3 41. Rc2+ Kd8 42. Qf6+ Qe7 43. Qb6+ Ke8 44. Rc8+ Rd8 45. Rxd8+ Qxd8 46. Qe6+ Kf8 47. Rf3+ Kg7 48. Rg3+ Kh7 49. Qf7+ Kh8 50. Qh5# 1-0

[Event "Titled Tuesday intern op 18th Jul Early"]
[Site "Chess.com INT"]
[Date "2023.07.18"]
[Round "3"]
[White "Arencibia Monduy, Antonio"]
[Black "Nugumanov, Bakhtiyar"]
[Result "1-0"]
[WhiteElo "2122"]
[BlackElo "2317"]
[PlyCount "61"]
[EventDate "2023.07.18"]
[EventType "swiss (blitz)"]
[EventRounds "11"]
[EventCountry "USA"]
[SourceTitle "EXT 2024"]
[Source "ChessBase"]
[SourceDate "2023.10.10"]
[SourceVersion "1"]
[SourceVersionDate "2023.10.10"]
[SourceQuality "1"]

1. e4 d6 2. Nf3 Nf6 3. Nc3 g6 4. d4 Bg7 5. h3 e6 6. Bg5 h6 7. Be3 Nbd7 8. Qd2 a6 9. Rd1 Qe7 10. e5 Nd5 11. Nxd5 exd5 12. exd6 Qxd6 13. Bd3 h5 14. 0-0 0-0 15. Bf4 Qc6 16. Rfe1 Nf6 17. Ne5 Qb6 18. c3 Be6 19. Qc2 Ne4 20. f3 Nf6 21. Re2 Rae8 22. Rde1 Bc8 23. b4 Nh7 24. Nxf7 Rxe2 25. Rxe2 Rxf7 26. Bxg6 Rxf4 27. Bxh7+ Kh8 28. Qd2 Rf8 29. Bc2 Qh6 30. Qd3 c6 31. Re7 1-0